[Event "7. Festival Benidorm 2008 - Sub-2300"]
[Site "Benidorm ESP"]
[Date "2008.12.01"]
[Round "3.8"]
[White "Sanchez Quiroga, Miguel Angel"]
[Black "Carrascoso Morales, Abel"]
[Result "1-0"]
[WhiteElo "2163"]
[BlackElo "2234"]
[PlyCount "85"]
[EventDate "2008.11.29"]
[EventType "swiss"]
[EventRounds "9"]
[EventCountry "ESP"]
[Source "lmi"]
[SourceDate "2008.11.29"]

1. e4 c5 2. Nf3 e6 3. d4 cxd4 4. Nxd4 Nc6 5. Nc3 Nf6 6. Ndb5 d6 7. Bf4 e5 8.
Bg5 a6 9. Na3 b5 10. Bxf6 gxf6 11. Nd5 f5 12. c3 Bg7 13. exf5 Bxf5 14. Nc2 O-O
15. Nce3 Be6 16. Bd3 f5 17. O-O Ne7 18. Nxe7+ Qxe7 19. Bxf5 Bc4 20. Qh5 h6 21.
Be4 Rac8 22. Rfd1 Qf6 23. Rd2 Rcd8 24. Qg6 Qxg6 25. Bxg6 d5 26. Rc1 Bxa2 27.
Ra1 Bb3 28. Rxa6 Ra8 29. Rxa8 Rxa8 30. h4 Ra1+ 31. Kh2 d4 32. Nf5 Rd1 33. Rxd1
Bxd1 34. cxd4 exd4 35. Nxg7 Kxg7 36. Bd3 b4 37. Kg3 Ba4 38. Kf4 Kf6 39. g4 Bc6
40. g5+ hxg5+ 41. hxg5+ Ke6 42. Bc4+ Ke7 43. Ke5 1-0

[Event "7. Festival Benidorm 2008 - Sub-2300"]
[Site "Benidorm ESP"]
[Date "2008.12.01"]
[Round "3.9"]
[White "Sanchez Barbado, Carlos"]
[Black "Avila Jimenez, Javier"]
[Result "0-1"]
[WhiteElo "2140"]
[BlackElo "2217"]
[PlyCount "66"]
[EventDate "2008.11.29"]
[EventType "swiss"]
[EventRounds "9"]
[EventCountry "ESP"]
[Source "lmi"]
[SourceDate "2008.11.29"]

1. e4 d5 2. exd5 Qxd5 3. Nc3 Qa5 4. d4 Nf6 5. Nf3 c6 6. Bc4 Bf5 7. Bd2 e6 8.
Nd5 Qd8 9. Nxf6+ gxf6 10. Bb3 a5 11. a4 Qb6 12. Qe2 Nd7 13. O-O-O O-O-O 14. Qe1
Bb4 15. Bxb4 axb4 16. Nd2 Qxd4 17. Nc4 Qf4+ 18. Kb1 Ne5 19. g3 Qf3 20. Ne3
Rxd1+ 21. Qxd1 Qxf2 22. Qd4 Ng4 23. Nxf5 Qxf5 24. Rd1 Kb8 25. a5 Rc8 26. a6
Nxh2 27. Ba4 Qd5 28. Qg1 Nf3 29. Qf1 Nd2+ 30. Kc1 Qa2 31. axb7 Kxb7 32. Bxc6+
Rxc6 33. Kxd2 Qxb2 0-1

[Event "7. Festival Benidorm 2008 - Sub-2300"]
[Site "Benidorm ESP"]
[Date "2008.12.01"]
[Round "3.10"]
[White "Soler Di Benedetto, Sandra"]
[Black "Murcia Paredes, Angel"]
[Result "0-1"]
[WhiteElo "2015"]
[BlackElo "2206"]
[PlyCount "76"]
[EventDate "2008.11.29"]
[EventType "swiss"]
[EventRounds "9"]
[EventCountry "ESP"]
[Source "lmi"]
[SourceDate "2008.11.29"]

1. c4 Nf6 2. Nc3 g6 3. g3 Bg7 4. Bg2 O-O 5. Nf3 d6 6. O-O e5 7. d3 Nbd7 8. Rb1
c6 9. b4 d5 10. Bg5 d4 11. Ne4 h6 12. Bxf6 Nxf6 13. Nxf6+ Qxf6 14. Nd2 Qe7 15.
b5 c5 16. Qb3 h5 17. Qa3 Be6 18. Nb3 Rfc8 19. Na5 Rab8 20. b6 a6 21. Qc1 h4 22.
e3 h3 23. Bh1 Bg4 24. exd4 cxd4 25. Qd2 Kh7 26. Rfe1 Bh6 27. Qb2 Qf6 28. f4
exf4 29. Re4 fxg3 30. Rf1 Bf5 31. hxg3 Qg5 32. Kh2 Bxe4 33. Bxe4 Qxa5 34. Rxf7+
Bg7 35. Rxg7+ Kxg7 36. Qxd4+ Kh6 37. Bd5 Qd2+ 38. Kxh3 Qg5 0-1

[Event "7. Festival Benidorm 2008 - Sub-2300"]
[Site "Benidorm ESP"]
[Date "2008.12.01"]
[Round "3.11"]
[White "Montero Fernandez, Oscar"]
[Black "Barranco Cara, Francisco Javier"]
[Result "0-1"]
[WhiteElo "2200"]
[BlackElo "2060"]
[PlyCount "62"]
[EventDate "2008.11.29"]
[EventType "swiss"]
[EventRounds "9"]
[EventCountry "ESP"]
[Source "lmi"]
[SourceDate "2008.11.29"]

1. e4 c5 2. Nf3 d6 3. d4 cxd4 4. Nxd4 Nf6 5. Nc3 a6 6. Be2 e5 7. Nb3 Be7 8. O-O
Be6 9. f4 exf4 10. Nd4 Bd7 11. Bxf4 O-O 12. Kh1 Re8 13. Qd3 Nc6 14. Rad1 Ne5
15. Qg3 Qc7 16. Bg5 Qd8 17. Nf5 Bxf5 18. Rxf5 Ned7 19. e5 dxe5 20. Rxf6 Bxf6
21. Rxd7 Qxd7 22. Bxf6 g6 23. Qg5 Qf5 24. Ne4 Qxg5 25. Bxg5 Rac8 26. Bd3 Re6
27. b4 Kg7 28. g4 f5 29. gxf5 gxf5 30. Ng3 e4 31. Nxf5+ Kg6 0-1

[Event "7. Festival Benidorm 2008 - Sub-2300"]
[Site "Benidorm ESP"]
[Date "2008.12.01"]
[Round "3.12"]
[White "Fellousi, Abdelaziz"]
[Black "Gomez Anadon, Daniel"]
[Result "1-0"]
[WhiteElo "2112"]
[BlackElo "2286"]
[PlyCount "52"]
[EventDate "2008.11.29"]
[EventType "swiss"]
[EventRounds "9"]
[EventCountry "ESP"]
[Source "lmi"]
[SourceDate "2008.11.29"]

1. e4 c5 2. Nf3 d6 3. d4 cxd4 4. Nxd4 Nf6 5. Nc3 a6 6. Bg5 e6 7. Qf3 h6 8. Bh4
Nbd7 9. Bd3 Qc7 10. O-O-O Be7 11. Qe2 b5 12. Bxf6 Nxf6 13. f4 b4 14. Nb1 Bb7
15. Nd2 O-O 16. g4 Rfc8 17. g5 hxg5 18. fxg5 Nh7 19. g6 Nf6 20. gxf7+ Kxf7 21.
Rhg1 Bf8 22. N2f3 Re8 23. Ng5+ Kg8 24. Rdf1 Qb6 25. Ngxe6 d5 26. e5 Ne4 1-0

[Event "7. Festival Benidorm 2008 - Sub-2300"]
[Site "Benidorm ESP"]
[Date "2008.12.01"]
[Round "3.13"]
[White "Serna Lara, Sergio"]
[Black "Monmeneu Chulia, Victor"]
[Result "1/2-1/2"]
[WhiteElo "2265"]
[BlackElo "2147"]
[PlyCount "72"]
[EventDate "2008.11.29"]
[EventType "swiss"]
[EventRounds "9"]
[EventCountry "ESP"]
[Source "lmi"]
[SourceDate "2008.11.29"]

1. d4 d6 2. Nf3 f5 3. g3 Nf6 4. Bg2 g6 5. c3 Bg7 6. Qb3 c6 7. Nbd2 Qb6 8. Qc2
Be6 9. Ng5 Bg8 10. e4 fxe4 11. Ndxe4 Nbd7 12. O-O Nxe4 13. Qxe4 Bd5 14. Qe2
Bxg2 15. Kxg2 h6 16. Re1 Bf6 17. Ne6 Nf8 18. h4 Qa5 19. Qe4 Nxe6 20. Qxe6 Qd5+
21. f3 Qxe6 22. Rxe6 Kd7 23. Re2 b5 24. Be3 a5 25. a4 g5 26. h5 b4 27. cxb4
axb4 28. b3 c5 29. Rd1 c4 30. bxc4 Rxa4 31. Rb1 Rc8 32. Rc2 b3 33. Rxb3 Raxc4
34. Rxc4 Rxc4 35. d5 Ke8 36. Kf2 Rc2+ 1/2-1/2

[Event "7. Festival Benidorm 2008 - Sub-2300"]
[Site "Benidorm ESP"]
[Date "2008.12.01"]
[Round "3.14"]
[White "Acebal Muñiz, Antonio"]
[Black "Tscharotschkin, Michael"]
[Result "1-0"]
[WhiteElo "2148"]
[BlackElo "2263"]
[PlyCount "79"]
[EventDate "2008.11.29"]
[EventType "swiss"]
[EventRounds "9"]
[EventCountry "ESP"]
[Source "lmi"]
[SourceDate "2008.11.29"]

1. Nf3 d5 2. d4 c6 3. c4 e6 4. Nc3 Nf6 5. e3 Nbd7 6. Bd3 dxc4 7. Bxc4 b5 8. Bd3
a6 9. O-O Bb7 10. e4 Be7 11. e5 Nd5 12. Nxd5 cxd5 13. Qe2 Qb6 14. Rd1 h6 15.
Be3 Rc8 16. Rac1 Nb8 17. Rxc8+ Bxc8 18. Rc1 Nc6 19. Bb1 Bd7 20. Nd2 Bg5 21. Nb3
Bxe3 22. fxe3 Ne7 23. Nc5 Qa7 24. Rf1 Bc6 25. Qg4 g6 26. Qf4 Rh7 27. Qf6 Ng8
28. Qf2 Ne7 29. h4 h5 30. Qf6 Bd7 31. b4 a5 32. bxa5 Bc8 33. a6 Bxa6 34. Bd3
Kd8 35. a4 Bc8 36. Bxb5 Qa5 37. Qg5 Qd2 38. Nb3 Qb4 39. Nc5 Qd2 40. Kh2 1-0

[Event "7. Festival Benidorm 2008 - Sub-2300"]
[Site "Benidorm ESP"]
[Date "2008.12.01"]
[Round "3.15"]
[White "Lopez Colon, Francisco"]
[Black "Ungureanu, Sandu"]
[Result "1-0"]
[WhiteElo "2249"]
[BlackElo "2137"]
[PlyCount "139"]
[EventDate "2008.11.29"]
[EventType "swiss"]
[EventRounds "9"]
[EventCountry "ESP"]
[Source "lmi"]
[SourceDate "2008.11.29"]

1. d4 d6 2. Nf3 Nc6 3. e4 e5 4. d5 Nce7 5. c4 c5 6. Nc3 h6 7. Bd3 g6 8. Nh4 g5
9. Nf5 Nxf5 10. exf5 h5 11. f3 h4 12. Bd2 f6 13. Qc2 Bd7 14. O-O-O Qc8 15. g4
Nh6 16. Rhe1 Be7 17. Ne4 Nf7 18. Re2 Qc7 19. a3 a6 20. Kb1 b5 21. Rde1 Rb8 22.
f4 gxf4 23. Bxf4 b4 24. axb4 Rxb4 25. Bd2 Rb7 26. Rf1 Rg8 27. g5 fxg5 28. Rg2
g4 29. Be2 Kd8 30. Rxg4 Rxg4 31. Bxg4 Qb6 32. Rg1 Ba4 33. Qc1 Qb3 34. Qc3 Qxc3
35. Bxc3 Nh6 36. f6 Bf8 37. Be6 Bb3 38. Nd2 Ba4 39. Ka2 Bc2 40. b3 e4 41. Re1
a5 42. Bxa5+ Ke8 43. Bc3 Nf7 44. Kb2 Bd3 45. Bf5 Ng5 46. Bxe4 Nxe4 47. Nxe4 Kf7
48. Ng5+ Kg6 49. Ne6 Bxc4 50. Nxf8+ Kf7 51. Ne6 Rxb3+ 52. Kc2 Bxd5 53. Ng5+ Kg6
54. Rd1 Bc4 55. Ne4 Rb5 56. Rxd6 Rb8 57. Nxc5 Re8 58. Rd4 Bf7 59. Rxh4 Kg5 60.
Rh3 Kg6 61. Rg3+ Kh5 62. Rf3 Kh4 63. Rf2 Kh3 64. Bd4 Re1 65. Nd3 Re4 66. Kc3
Re8 67. Ne5 Bd5 68. f7 Bxf7 69. Nxf7 Rg8 70. Be5 1-0

[Event "7. Festival Benidorm 2008 - Sub-2300"]
[Site "Benidorm ESP"]
[Date "2008.12.01"]
[Round "3.16"]
[White "Tebar Moreno, Juan Carlos"]
[Black "Gonzalez Aguirre, Luis"]
[Result "1/2-1/2"]
[WhiteElo "2234"]
[BlackElo "2110"]
[PlyCount "80"]
[EventDate "2008.11.29"]
[EventType "swiss"]
[EventRounds "9"]
[EventCountry "ESP"]
[Source "lmi"]
[SourceDate "2008.11.29"]

1. e4 c6 2. d4 d5 3. e5 c5 4. dxc5 Nc6 5. Nf3 Bg4 6. Bb5 e6 7. O-O Bxc5 8.
Bxc6+ bxc6 9. c3 Ne7 10. Bg5 O-O 11. Nbd2 Qc7 12. Qa4 Bxf3 13. Nxf3 Ng6 14.
Rae1 h6 15. Bc1 f5 16. exf6 Rxf6 17. Qg4 e5 18. Nh4 Nxh4 19. Qxh4 Raf8 20. Be3
Bd6 21. Rd1 Qf7 22. b4 Rf5 23. Qg4 Rf6 24. Qe2 Rg6 25. a4 e4 26. g3 Qe6 27. f4
exf3 28. Rxf3 Rxf3 29. Qxf3 Rf6 30. Qe2 Qe4 31. Re1 Rf3 32. Bd4 Qxe2 33. Rxe2
Kf7 34. Bxa7 Rxc3 35. Rb2 Ra3 36. a5 Ra4 37. Bb6 Bxb4 38. Rc2 Bxa5 39. Bxa5
Rxa5 40. Rxc6 Ra2 1/2-1/2

[Event "7. Festival Benidorm 2008 - Sub-2300"]
[Site "Benidorm ESP"]
[Date "2008.12.01"]
[Round "3.17"]
[White "Moskow, Eric"]
[Black "Suarez Triguero, Jose Alfonso"]
[Result "1/2-1/2"]
[WhiteElo "2225"]
[BlackElo "2106"]
[PlyCount "42"]
[EventDate "2008.11.29"]
[EventType "swiss"]
[EventRounds "9"]
[EventCountry "ESP"]
[Source "lmi"]
[SourceDate "2008.11.29"]

1. c4 Nf6 2. Nf3 e6 3. g3 d5 4. Bg2 dxc4 5. Qa4+ Bd7 6. Qxc4 Bc6 7. O-O Nbd7 8.
d3 Be7 9. Nbd2 O-O 10. a3 Bd5 11. Qc2 c5 12. b3 Rc8 13. Bb2 b6 14. Rfc1 Bb7 15.
Qb1 Ne8 16. d4 cxd4 17. Bxd4 Rxc1+ 18. Qxc1 Nef6 19. Qb2 Qa8 20. Rd1 Rd8 21.
Bh3 Nc5 1/2-1/2

[Event "7. Festival Benidorm 2008 - Sub-2300"]
[Site "Benidorm ESP"]
[Date "2008.12.01"]
[Round "3.18"]
[White "Fauvet, Emmanuel"]
[Black "Sabater Sanchez, Asensio"]
[Result "0-1"]
[WhiteElo "2089"]
[BlackElo "2220"]
[PlyCount "42"]
[EventDate "2008.11.29"]
[EventType "swiss"]
[EventRounds "9"]
[EventCountry "ESP"]
[Source "lmi"]
[SourceDate "2008.11.29"]

1. e4 Nf6 2. Nc3 d5 3. d4 dxe4 4. f3 exf3 5. Nxf3 Bf5 6. Bc4 e6 7. O-O Be7 8.
Ne5 Bxc2 9. Qxc2 Qxd4+ 10. Kh1 Qxe5 11. Qb3 O-O 12. Qxb7 Nbd7 13. Bf4 Qc5 14.
Bb3 Bd6 15. Rac1 Rab8 16. Qf3 Qf5 17. Qe3 Bxf4 18. Rxf4 Qg5 19. Ne4 Nxe4 20.
Qxe4 Nc5 21. Qc4 Nd3 0-1

[Event "7. Festival Benidorm 2008 - Sub-2300"]
[Site "Benidorm ESP"]
[Date "2008.12.01"]
[Round "3.19"]
[White "Ferrer Sanchez, Pedro Jesus"]
[Black "Ridameya Tatche, Jose Miguel"]
[Result "0-1"]
[WhiteElo "2213"]
[BlackElo "2091"]
[PlyCount "32"]
[EventDate "2008.11.29"]
[EventType "swiss"]
[EventRounds "9"]
[EventCountry "ESP"]
[Source "lmi"]
[SourceDate "2008.11.29"]

1. e4 e5 2. Nf3 Nc6 3. Bb5 a6 4. Ba4 Nf6 5. O-O Be7 6. Re1 b5 7. Bb3 Bb7 8. d3
O-O 9. Nbd2 d5 10. c3 dxe4 11. dxe4 Bc5 12. h3 Qe7 13. Nh4 Bc8 14. Qf3 Ng4 15.
hxg4 Qxh4 16. Bd1 Bxg4 0-1

[Event "7. Festival Benidorm 2008 - Sub-2300"]
[Site "Benidorm ESP"]
[Date "2008.12.01"]
[Round "3.20"]
[White "Gimeno Martos, Roberto"]
[Black "Planells Roig, Jose"]
[Result "1/2-1/2"]
[WhiteElo "2201"]
[BlackElo "2069"]
[PlyCount "60"]
[EventDate "2008.11.29"]
[EventType "swiss"]
[EventRounds "9"]
[EventCountry "ESP"]
[Source "lmi"]
[SourceDate "2008.11.29"]

1. e4 c5 2. Nc3 Nc6 3. g3 g6 4. Bg2 Bg7 5. d3 d6 6. Be3 e6 7. Qd2 Rb8 8. Nge2
Nd4 9. Nc1 b5 10. Nd1 Ne7 11. c3 Ndc6 12. Bh6 O-O 13. h4 f5 14. Bxg7 Kxg7 15.
exf5 exf5 16. Ne2 Qe8 17. O-O Qf7 18. Nf4 Nd8 19. Ne3 Bb7 20. d4 Bxg2 21. Kxg2
Ne6 22. Nc2 Nxf4+ 23. Qxf4 Rbd8 24. Ne3 Nd5 25. Nxd5 Qxd5+ 26. Qf3 Qxf3+ 27.
Kxf3 cxd4 28. cxd4 Rc8 29. Rac1 Rfe8 30. Rfe1 Kf7 1/2-1/2

[Event "7. Festival Benidorm 2008 - Sub-2300"]
[Site "Benidorm ESP"]
[Date "2008.12.01"]
[Round "3.21"]
[White "Cano Gimenez, Vicente"]
[Black "Olsen, Anders"]
[Result "1/2-1/2"]
[WhiteElo "2197"]
[BlackElo "2055"]
[PlyCount "67"]
[EventDate "2008.11.29"]
[EventType "swiss"]
[EventRounds "9"]
[EventCountry "ESP"]
[Source "lmi"]
[SourceDate "2008.11.29"]

1. Nf3 Nf6 2. c4 c6 3. g3 d5 4. Bg2 Bf5 5. b3 Nbd7 6. Bb2 e6 7. O-O Be7 8. d3
h6 9. Nbd2 O-O 10. Qc2 Bh7 11. a3 Bd6 12. b4 e5 13. e4 Rc8 14. c5 Bb8 15. Rfe1
Re8 16. Bh3 Qe7 17. exd5 cxd5 18. Nxe5 Bxe5 19. Bxe5 Nxe5 20. Bxc8 Bxd3 21. Qc3
Ne4 22. Rxe4 Bxe4 23. Bh3 Qf6 24. Rc1 d4 25. Nxe4 Qg6 26. Qb3 Qxe4 27. Bg2 Qe2
28. Qb1 d3 29. Rd1 d2 30. Bf1 Nf3+ 31. Kg2 Ne1+ 32. Kg1 Nf3+ 33. Kg2 Ne1+ 34.
Kg1 1/2-1/2

[Event "7. Festival Benidorm 2008 - Sub-2300"]
[Site "Benidorm ESP"]
[Date "2008.12.01"]
[Round "3.22"]
[White "Minaya Molano, Juan"]
[Black "Arias Igual, Alejandro"]
[Result "1/2-1/2"]
[WhiteElo "2196"]
[BlackElo "2023"]
[PlyCount "87"]
[EventDate "2008.11.29"]
[EventType "swiss"]
[EventRounds "9"]
[EventCountry "ESP"]
[Source "lmi"]
[SourceDate "2008.11.29"]

1. Nf3 d5 2. c4 c6 3. e3 Nf6 4. Nc3 Bf5 5. cxd5 Nxd5 6. Qb3 Qb6 7. Nxd5 Qxb3 8.
Nc7+ Kd7 9. axb3 Kxc7 10. Ne5 Bg6 11. Bc4 e6 12. d4 Nd7 13. Nxd7 Kxd7 14. Bd2
Bd6 15. f3 Rad8 16. Kf2 Bc7 17. h4 h5 18. Rhc1 Kc8 19. Bb4 Bb6 20. Be2 Rd7 21.
Bc5 Bxc5 22. Rxc5 Rd5 23. b4 a6 24. f4 Rxc5 25. bxc5 f5 26. Ra3 Kd7 27. Rb3 Kc7
28. e4 Rg8 29. Bc4 fxe4 30. Bxe6 Re8 31. d5 Rf8 32. d6+ Kb8 33. Ke3 Bf5 34.
Bxf5 Rxf5 35. Rc3 Kc8 36. Kxe4 Rd5 37. b4 b6 38. f5 Kd7 39. Rg3 bxc5 40. Rxg7+
Kxd6 41. Rg6+ Kd7 42. bxc5 Rxc5 43. Rg7+ Kd6 44. Rg6+ 1/2-1/2

[Event "7. Festival Benidorm 2008 - Sub-2300"]
[Site "Benidorm ESP"]
[Date "2008.12.01"]
[Round "3.24"]
[White "Lacrosse, Marc"]
[Black "Remoli Sargues, Lidia"]
[Result "1/2-1/2"]
[WhiteElo "2181"]
[BlackElo "1940"]
[PlyCount "59"]
[EventDate "2008.11.29"]
[EventType "swiss"]
[EventRounds "9"]
[EventCountry "ESP"]
[Source "lmi"]
[SourceDate "2008.11.29"]

1. d4 Nf6 2. c4 e6 3. Nf3 b6 4. a3 Ba6 5. Qc2 Bb7 6. Nc3 c5 7. e4 cxd4 8. Nxd4
Bc5 9. Nb3 Nc6 10. Bf4 e5 11. Bg5 Nd4 12. Nxd4 Bxd4 13. Bd3 O-O 14. O-O h6 15.
Bh4 Bxc3 16. Qxc3 Qe7 17. f4 Rfe8 18. Rae1 Qc5+ 19. Bf2 Qc7 20. f5 Rac8 21. h3
d6 22. Qd2 Nh5 23. g3 Qe7 24. Qe2 Nf6 25. g4 Nh7 26. h4 g5 27. Be3 f6 28. Kg2
Kg7 29. Qd2 Rh8 30. h5 1/2-1/2

[Event "7. Festival Benidorm 2008 - Sub-2300"]
[Site "Benidorm ESP"]
[Date "2008.12.01"]
[Round "3.25"]
[White "Ballester Llagaria, Luis Eduardo"]
[Black "Garcia Amoros, Pablo"]
[Result "1/2-1/2"]
[WhiteElo "2043"]
[BlackElo "2172"]
[PlyCount "79"]
[EventDate "2008.11.29"]
[EventType "swiss"]
[EventRounds "9"]
[EventCountry "ESP"]
[Source "lmi"]
[SourceDate "2008.11.29"]

1. e4 c5 2. Nf3 d6 3. d4 cxd4 4. Nxd4 Nf6 5. Nc3 a6 6. Be3 e5 7. Nb3 Be6 8. f3
Nbd7 9. Qd2 b5 10. O-O-O Rc8 11. g4 Nb6 12. Kb1 b4 13. Nd5 Nfxd5 14. exd5 Nxd5
15. Bxa6 Nxe3 16. Bb5+ Bd7 17. Bxd7+ Qxd7 18. Qxe3 Be7 19. Rhe1 Qc7 20. Qe4 O-O
21. h4 Qc4 22. Nd2 Qb5 23. g5 f5 24. gxf6 Rxf6 25. h5 Rf4 26. Qe3 Qa4 27. Nb3
Qc6 28. Rd2 Rxf3 29. Qg1 Rf7 30. Qg4 Qc4 31. Re4 Qf1+ 32. Nc1 Qf5 33. Rxb4 Bg5
34. Rg2 h6 35. Qxf5 Rxf5 36. Rg1 Rcf8 37. Re4 d5 38. Re2 Rf1 39. Re1 Rxg1 40.
Rxg1 1/2-1/2

[Event "7. Festival Benidorm 2008 - Sub-2300"]
[Site "Benidorm ESP"]
[Date "2008.12.01"]
[Round "3.27"]
[White "Lakunza Oyarbide, Juan Carlos"]
[Black "Celaya Tapiz, Jose Maria"]
[Result "1-0"]
[WhiteElo "2122"]
[BlackElo "2292"]
[PlyCount "65"]
[EventDate "2008.11.29"]
[EventType "swiss"]
[EventRounds "9"]
[EventCountry "ESP"]
[Source "lmi"]
[SourceDate "2008.11.29"]

1. d4 d5 2. Nf3 c6 3. c4 e6 4. Nbd2 Nf6 5. g3 Be7 6. Bg2 Nbd7 7. O-O O-O 8. Qc2
h6 9. e4 dxe4 10. Nxe4 Re8 11. Bf4 Nxe4 12. Qxe4 Nf6 13. Qe2 Bd6 14. Ne5 Nh7
15. Rfd1 Qe7 16. Rd3 Nf8 17. Qg4 f6 18. Ng6 Nxg6 19. Bxd6 Qxd6 20. Qxg6 Bd7 21.
Be4 Kf8 22. Qh7 f5 23. Rf3 Kf7 24. d5 Rh8 25. dxe6+ Bxe6 26. Rxf5+ Bxf5 27.
Qxf5+ Ke7 28. Qg4 Qe5 29. Re1 h5 30. Qd1 Kf8 31. Bxc6 Qc7 32. Qf3+ Qf7 33. Qa3+
1-0

[Event "7. Festival Benidorm 2008 - Sub-2300"]
[Site "Benidorm ESP"]
[Date "2008.12.01"]
[Round "3.28"]
[White "Jensen, Stein"]
[Black "Ballesteros Gonzalez, David"]
[Result "0-1"]
[WhiteElo "2118"]
[BlackElo "2276"]
[PlyCount "46"]
[EventDate "2008.11.29"]
[EventType "swiss"]
[EventRounds "9"]
[EventCountry "ESP"]
[Source "lmi"]
[SourceDate "2008.11.29"]

1. b3 e5 2. Bb2 Nc6 3. e3 d5 4. Bb5 e4 5. d3 Qg5 6. Kf1 Bd7 7. h4 Qf5 8. d4 Nf6
9. Be2 h5 10. f4 exf3 11. gxf3 Ng4 12. Bc1 Bd6 13. Kg2 Nh6 14. a3 Qg6+ 15. Kf1
Nf5 16. Bd3 Ng3+ 17. Kg2 Bf5 18. f4 Nxh1+ 19. Kxh1 Bxd3 20. cxd3 Qg3 21. Nf3
Rh6 22. Qf1 Be7 23. Qg2 Bxh4 0-1

[Event "7. Festival Benidorm 2008 - Sub-2300"]
[Site "Benidorm ESP"]
[Date "2008.12.01"]
[Round "3.29"]
[White "Varga Novak, Mariano"]
[Black "Vestly, Jan"]
[Result "1-0"]
[WhiteElo "2276"]
[BlackElo "2120"]
[PlyCount "101"]
[EventDate "2008.11.29"]
[EventType "swiss"]
[EventRounds "9"]
[EventCountry "ESP"]
[Source "lmi"]
[SourceDate "2008.11.29"]

1. e4 e6 2. d4 d5 3. e5 c5 4. c3 Nc6 5. Be3 cxd4 6. cxd4 Bb4+ 7. Nc3 Nge7 8.
Bd3 Nf5 9. Bxf5 exf5 10. Nf3 O-O 11. O-O Be6 12. Rc1 Be7 13. Na4 Rc8 14. Nc5 b6
15. Nd3 Na5 16. Rxc8 Qxc8 17. Qe2 Nc4 18. Rc1 Qa6 19. b3 Nxe3 20. fxe3 Rc8 21.
Rxc8+ Qxc8 22. Qd2 g5 23. Kf2 a5 24. Ng1 a4 25. Ne2 axb3 26. axb3 Qa8 27. Qb2
Qa6 28. Qc2 f4 29. exf4 Bf5 30. Ke3 gxf4+ 31. Nexf4 Bg5 32. g3 Qa1 33. Qc1 Qa2
34. Qb2 Qa6 35. Qd2 Qa1 36. h4 Bh6 37. Nf2 Qg1 38. Kf3 Be4+ 39. Kg4 Qa1 40. Qe3
Qb1 41. Nxe4 dxe4 42. Kf5 Qc2 43. d5 Bxf4 44. Kxf4 Kg7 45. d6 h5 46. Qxe4 Qf2+
47. Kg5 Qxg3+ 48. Kxh5 Qxb3 49. Qf5 Qd1+ 50. Qg4+ Qxg4+ 51. Kxg4 1-0

[Event "7. Festival Benidorm 2008 - Sub-2300"]
[Site "Benidorm ESP"]
[Date "2008.12.01"]
[Round "3.30"]
[White "Laabi Chian, Majid"]
[Black "Mork, Kjell-Arne"]
[Result "0-1"]
[WhiteElo "2116"]
[BlackElo "2267"]
[PlyCount "94"]
[EventDate "2008.11.29"]
[EventType "swiss"]
[EventRounds "9"]
[EventCountry "ESP"]
[Source "lmi"]
[SourceDate "2008.11.29"]

1. d4 Nf6 2. c3 b6 3. Bg5 Bb7 4. Nd2 d5 5. Bxf6 exf6 6. e3 Bd6 7. Bd3 O-O 8.
Qf3 Re8 9. Ne2 Nd7 10. Nf4 c5 11. O-O Nf8 12. Rfe1 Ng6 13. Nh5 Qc8 14. g3 Qc7
15. Nf4 Rad8 16. Qh5 a6 17. Nf3 Nf8 18. Nh4 b5 19. Nf5 Bxf4 20. gxf4 Bc8 21.
Ng3 g6 22. Qh4 f5 23. Qh6 c4 24. Bc2 f6 25. Kh1 Re7 26. Rg1 Rg7 27. Rg2 Be6 28.
Rag1 Rdd7 29. a3 Rdf7 30. h3 Qe7 31. Kh2 a5 32. f3 Bc8 33. e4 dxe4 34. fxe4
fxe4 35. Nxe4 Bb7 36. Re2 Qc7 37. Rg3 Ne6 38. Rf2 f5 39. Nd2 Qd6 40. Re3 Re7
41. Re5 Qc6 42. Nf3 Nc7 43. Rc5 Qb6 44. Ne5 Ne6 45. Rd2 Nxc5 46. dxc5 Qc7 47.
Rd6 Re8 0-1

[Event "7. Festival Benidorm 2008 - Sub-2300"]
[Site "Benidorm ESP"]
[Date "2008.12.02"]
[Round "4.1"]
[White "Scherer, Helmut"]
[Black "Murcia Paredes, Angel"]
[Result "1-0"]
[WhiteElo "2299"]
[BlackElo "2206"]
[PlyCount "81"]
[EventDate "2008.11.29"]
[EventType "swiss"]
[EventRounds "9"]
[EventCountry "ESP"]
[Source "lmi"]
[SourceDate "2008.11.29"]

1. e4 e5 2. Nf3 Nc6 3. Bb5 a6 4. Ba4 Nf6 5. O-O b5 6. Bb3 Be7 7. d4 d6 8. dxe5
Nxe5 9. Nxe5 dxe5 10. Qxd8+ Bxd8 11. Be3 Bb7 12. f3 Be7 13. Rd1 O-O 14. c4 Rfd8
15. Nc3 c6 16. Bb6 Rd7 17. Kf1 Kf8 18. Ke2 Ke8 19. Be3 Rxd1 20. Rxd1 Rd8 21.
Rc1 Nd7 22. cxb5 axb5 23. a4 b4 24. Nb1 Ra8 25. Nd2 c5 26. Kd1 f6 27. Nc4 Bc6
28. Ra1 Ra6 29. Ra2 Nb8 30. a5 Bb5 31. Ba4 Bxa4+ 32. Rxa4 Nc6 33. Kc2 Kd8 34.
Kb3 Kc7 35. Ra1 Bf8 36. Bf2 Kb7 37. Ka4 Be7 38. Rd1 Kc7 39. Rd5 Ra8 40. Bxc5
Bxc5 41. Rxc5 1-0

[Event "7. Festival Benidorm 2008 - Sub-2300"]
[Site "Benidorm ESP"]
[Date "2008.12.02"]
[Round "4.2"]
[White "Santos, Jose Alves"]
[Black "Chueca Forcen, Alberto"]
[Result "1/2-1/2"]
[WhiteElo "2192"]
[BlackElo "2276"]
[PlyCount "236"]
[EventDate "2008.11.29"]
[EventType "swiss"]
[EventRounds "9"]
[EventCountry "ESP"]
[Source "lmi"]
[SourceDate "2008.11.29"]

1. e4 e5 2. Nf3 Nc6 3. Bb5 a6 4. Bxc6 dxc6 5. d4 exd4 6. Qxd4 Qxd4 7. Nxd4 Bd7
8. Be3 Nf6 9. Nd2 O-O-O 10. f3 c5 11. Ne2 b6 12. O-O-O Re8 13. Nc3 g6 14. Rhe1
Bg7 15. a4 Bc6 16. Nc4 Nd7 17. Bd2 Rhf8 18. b3 Ne5 19. Nxe5 Bxe5 20. Ne2 c4 21.
Bb4 Rg8 22. Bc3 cxb3 23. cxb3 Bd7 24. Kb2 f5 25. Bxe5 Rxe5 26. Nc3 fxe4 27.
Rxe4 Rge8 28. Rde1 Rxe4 29. Nxe4 Rf8 30. Kc3 c6 31. b4 Kc7 32. a5 bxa5 33. bxa5
Rf5 34. Ra1 h6 35. Kd4 Rd5+ 36. Kc4 Bf5 37. Nc5 Kd6 38. Nb3 Bd3+ 39. Kc3 Bb5
40. Re1 c5 41. Nd2 Rd3+ 42. Kc2 Ra3 43. Ne4+ Kc6 44. Nc3 Bc4 45. Re4 Bd5 46.
Rf4 Be6 47. Rf6 Kd7 48. Ne4 Bf5 49. Rxa6 Ra2+ 50. Kc3 Rxg2 51. Nxc5+ Ke7 52.
Kd4 Rxh2 53. Ke5 Re2+ 54. Ne4 h5 55. Ra7+ Bd7 56. Kf4 h4 57. Nc5 g5+ 58. Kxg5
Re5+ 59. Kxh4 Rxc5 60. f4 Rd5 61. Ra6 Be6 62. Kg3 Kf6 63. Kf3 Kf5 64. Ke3 Bd7
65. Ra7 Bb5 66. Rf7+ Ke6 67. Rh7 Rd3+ 68. Ke4 Ra3 69. f5+ Kd6 70. Rh6+ Ke7 71.
Ke5 Rxa5 72. Re6+ Kf7 73. Rf6+ Ke7 74. Re6+ Kf7 75. Rf6+ Kg7 76. Rg6+ Kh7 77.
Rd6 Ra7 78. Kf6 Bc4 79. Rd4 Rf7+ 80. Kg5 Bb5 81. Rh4+ Kg8 82. Rb4 Be8 83. Re4
Bd7 84. Re5 Kf8 85. Ra5 Rg7+ 86. Kf6 Rf7+ 87. Kg5 Be8 88. Re5 Rh7 89. Ra5 Kg7
90. Ra7+ Bf7 91. Rb7 Rh5+ 92. Kg4 Rh1 93. Kg5 Rg1+ 94. Kf4 Rd1 95. Kg5 Rd5 96.
Ra7 Kf8 97. Kf6 Be8 98. Rh7 Rd6+ 99. Ke5 Ra6 100. Rb7 Bf7 101. Kf4 Bc4 102. Kg5
Ra5 103. Kf6 Ra6+ 104. Kg5 Bd3 105. Rb3 Rd6 106. Rb8+ Ke7 107. Rb7+ Ke8 108.
Rb8+ Kd7 109. Rb7+ Kc6 110. Rf7 Rd5 111. Kf4 Kd6 112. Kg5 Ke5 113. Re7+ Kd4
114. Rf7 Ke3 115. Re7+ Be4 116. Rf7 Kf3 117. Rf8 Ke3 118. Rf7 Kd4 1/2-1/2